000 01061nam a2200325 i 4500
003 EG-GICUC
005 20260423140251.0
008 260423s1980 U a|||fr|||| 001 0 eng d
040 _aEG-GiCUC
_beng
_cEG-GiCUC
_dEG-GiCUC
_erda
041 0 _aeng
082 0 4 _221
_a343.81
_bOH . F
092 0 4 _221
099 _aLaw1 10 343.81 OH . F 5 ed - 1980
100 1 _aE. O'Hara, Charles
_eAuthor.
245 1 0 _aFundamentals Of Criminal Investigation:
_cCharles E. O'Hara ; Gregory L. O'Hara
250 _aFifth Edition
264 1 _aU.s.a:
_bCharles C Thomas,
_c1980.
300 _a909 pages :
_billustrations,
_c24 cm
336 _2rda content
_atext
337 _2rda media
_aComputer
338 _2rda carrier
_aOnline Resource
500 _aIncludes colored illustrations, maps, tables, and charts,index
546 _aText in English
650 1 _aCriminal law
_2qrmak
651 1 _2qrmak
700 1 _aGregory L. O'Hara
_ejoint author.
856 4 0 _uhttps://fll.law.cu.edu.eg/fulltext/bks/B10-11176.pdf
905 _a158
942 _2ddc
_n0
_cBK
_e21
999 _c73108
_d73108